<?xml version="1.0" encoding="UTF-8"?>
<record
    xmlns:xsi="http://www.w3.org/2001/XMLSchema-instance"
    xsi:schemaLocation="http://www.loc.gov/MARC21/slim http://www.loc.gov/standards/marcxml/schema/MARC21slim.xsd"
    xmlns="http://www.loc.gov/MARC21/slim">

  <leader>02458cam a2200301   4500</leader>
  <controlfield tag="001">6893</controlfield>
  <datafield tag="010" ind1=" " ind2=" ">
    <subfield code="a">2006103181</subfield>
  </datafield>
  <datafield tag="020" ind1=" " ind2=" ">
    <subfield code="a">0811216993 (alk. paper)</subfield>
  </datafield>
  <datafield tag="020" ind1=" " ind2=" ">
    <subfield code="a">9780811216999 (alk. paper) :</subfield>
  </datafield>
  <datafield tag="082" ind1="0" ind2="0">
    <subfield code="a">868/.6209</subfield>
    <subfield code="2">22</subfield>
  </datafield>
  <datafield tag="100" ind1="1" ind2=" ">
    <subfield code="a">Borges, Jorge Luis,</subfield>
    <subfield code="d">1899-1986</subfield>
  </datafield>
  <datafield tag="240" ind1="1" ind2="0">
    <subfield code="a">Works.</subfield>
    <subfield code="k">Selections.</subfield>
    <subfield code="l">English.</subfield>
    <subfield code="f">2007</subfield>
  </datafield>
  <datafield tag="245" ind1="1" ind2="0">
    <subfield code="a">Labyrinths :</subfield>
    <subfield code="b">selected stories &amp; other writings /</subfield>
    <subfield code="c">Jorge Louis Borges ; edited by Donald A. Yates &amp; James E. Irby ; with an invitation by William Gibson</subfield>
  </datafield>
  <datafield tag="264" ind1=" " ind2="1">
    <subfield code="a">New York, NY :</subfield>
    <subfield code="b">New Directions,</subfield>
    <subfield code="c">2007</subfield>
  </datafield>
  <datafield tag="300" ind1=" " ind2=" ">
    <subfield code="a">xxiii, 256 pages ;</subfield>
    <subfield code="c">21 cm</subfield>
  </datafield>
  <datafield tag="336" ind1=" " ind2=" ">
    <subfield code="a">text</subfield>
    <subfield code="b">txt</subfield>
    <subfield code="2">rdacontent</subfield>
  </datafield>
  <datafield tag="337" ind1=" " ind2=" ">
    <subfield code="a">unmediated</subfield>
    <subfield code="b">n</subfield>
    <subfield code="2">rdamedia</subfield>
  </datafield>
  <datafield tag="338" ind1=" " ind2=" ">
    <subfield code="a">volume</subfield>
    <subfield code="b">nc</subfield>
    <subfield code="2">rdacarrier</subfield>
  </datafield>
  <datafield tag="490" ind1="1" ind2=" ">
    <subfield code="a">New Directions paperbook ;</subfield>
    <subfield code="v">1066</subfield>
  </datafield>
  <datafield tag="500" ind1=" " ind2=" ">
    <subfield code="a">""This volume was first published clothbound by New Directions in 1962; it was issued in an augmented edition as New Directions Paperbook 186 in 1964""--Title page verso</subfield>
  </datafield>
  <datafield tag="505" ind1="0" ind2=" ">
    <subfield code="a">Fictions. Tl&#xFFFD;n, Uqbar, Orbis Tertius ; The garden of forking paths ; The lottery in Babylon ; Pierre Menard, author of the Quixote ; The circular ruins ; The library of Babel ; Funes the Memorious ; The shape of the sword ; Theme of the traitor and the hero ; Death and the compass ; The secret miracle ; Three versions of Judas ; The sect of the Phoenix ; The immortal ; The theologians ; Story of the warrior and the captive ; Emma Zunz ; The house of Asterion ; Deutsches Requiem ; Averroes' search ; The Zahir ; The waiting ; The god's script -- Essays. The Argentine writer and tradition ; The wall and the books ; The fearful sphere of Pascal ; Partial magic in the Quixote ; Val&#xFFFD;ry as symbol ; Kafka and his precursors ; Avatars of the tortoise ; The mirror of enigmas ; A note on (toward) Bernard Shaw ; A new refutation of time -- Parables. Inferno, 1, 32 ; Paradiso, XXXI, 108 ; Ragnar&#xFFFD;k ; Parable of Cervantes and the Quixote ; The witness ; A problem ; Borges and I ; Everything and nothing -- Elegy -- Chronology</subfield>
  </datafield>
  <datafield tag="520" ind1=" " ind2=" ">
    <subfield code="a">Presented here are stories that are redolent with intelligence, a wealth of invention, and a tight, almost mathematically formal style that challenges with mysteries and paradoxes revealed only slowly after several readings</subfield>
  </datafield>
  <datafield tag="600" ind1="1" ind2="0">
    <subfield code="a">Borges, Jorge Luis,</subfield>
    <subfield code="d">1899-1986</subfield>
    <subfield code="v">Translations into English</subfield>
  </datafield>
  <datafield tag="700" ind1="1" ind2=" ">
    <subfield code="a">Irby, James East,</subfield>
    <subfield code="d">1931-</subfield>
  </datafield>
  <datafield tag="700" ind1="1" ind2=" ">
    <subfield code="a">Yates, Donald A</subfield>
  </datafield>
  <datafield tag="830" ind1=" " ind2="0">
    <subfield code="a">New Directions paperbook ;</subfield>
    <subfield code="v">1066</subfield>
  </datafield>
  <datafield tag="999" ind1=" " ind2=" ">
    <subfield code="c">5832</subfield>
    <subfield code="d">5832</subfield>
  </datafield>
  <datafield tag="952" ind1=" " ind2=" ">
    <subfield code="0">0</subfield>
    <subfield code="1">0</subfield>
    <subfield code="2">ddc</subfield>
    <subfield code="4">0</subfield>
    <subfield code="7">0</subfield>
    <subfield code="8">MAIN</subfield>
    <subfield code="a">RTCLIB</subfield>
    <subfield code="b">RTCLIB</subfield>
    <subfield code="c">MAIN</subfield>
    <subfield code="d">2018-11-27</subfield>
    <subfield code="h"> </subfield>
    <subfield code="i">10711</subfield>
    <subfield code="l">2</subfield>
    <subfield code="m">1</subfield>
    <subfield code="o">868 BOR</subfield>
    <subfield code="p">30010527</subfield>
    <subfield code="r">2023-12-06 00:00:00</subfield>
    <subfield code="s">2023-10-17</subfield>
    <subfield code="w">2018-11-27</subfield>
    <subfield code="y">MAIN</subfield>
  </datafield>
</record>
